| 000 | 01294nam a22002897a 4500 | ||
|---|---|---|---|
| 001 | 9663 | ||
| 003 | FISKH | ||
| 005 | 20260128162117.0 | ||
| 008 | 260128b cb ||||| |||| 00| 0 eng d | ||
| 020 | _a9780462001296 | ||
| 040 |
_aFISKH _beng _cFISKH _dFISKH |
||
| 050 | _aPZ7 | ||
| 082 | _a372.6 | ||
| 100 |
_aWard, Nicole _eAuthor |
||
| 245 |
_aMarket tools / _cWritten by Nicole Ward ; illustrated by Claire de Zoete |
||
| 260 |
_aSingapore : _bMarshall Cavendish , _c2008 |
||
| 300 |
_a16 pages : _bcolor illustrations ; _c19 cm |
||
| 490 |
_aMy pals are here! : _v16d |
||
| 505 | _aG | ||
| 520 | _aMarket Tools follows young readers as they learn about different tools and equipment used in a market — from weighing scales to baskets and price tags. Through simple, guided sentences and friendly illustrations, the book introduces basic market vocabulary, explains what each tool is used for, and shows how vendors and shoppers interact using these items. It’s designed to help early primary readers build confidence with everyday words and concepts while reinforcing reading skills. | ||
| 521 | 8 |
_a400
_bLexile estimate |
|
| 521 | 8 |
_aG
_bRaz-Plus |
|
| 650 |
_aMarket tools _vMoney |
||
| 700 |
_aZoete, Claire de _eIllustrator |
||
| 942 |
_2ddc _cBK _n0 |
||
| 999 |
_c9663 _d9663 |
||